|
|
|
|
| LEADER |
00743nab#a2200277#ar4500 |
| 001 |
000095721 |
| 003 |
SVKKK |
| 005 |
20090522100351.0 |
| 008 |
050524c2008 xr e cze |
| FMT |
|
|
|
| 038 |
|
|
|a SVKKK
|
| 040 |
|
|
|a SVKKK
|b slo
|e AACR2
|
| 041 |
0 |
|
|a cze
|a rom
|
| 044 |
|
|
|a xr
|c CZ
|
| 080 |
|
|
|a 929 Danišová, Eva
|2 1997
|
| 100 |
1 |
|
|a Viková, Lada
|4 aut
|
| 245 |
1 |
0 |
|a Rozhovor s Evou Danišovou
|c Lada Viková
|
| 600 |
1 |
4 |
|a Danišová, Eva
|d 1959-
|x prekladateľka, sociálna pracovníčka
|z Česká Třebová (Česko)
|x rodáčka
|x pôsobenie
|
| 773 |
0 |
|
|t Romano džaniben
|x 1210-8545
|g Ňilaj (2008), s. 200-206
|
| 958 |
|
|
|a RQ
|
| 958 |
|
|
|a BC
|
| 974 |
|
|
|a Fav
|
| 992 |
|
|
|a RBX
|
| BAS |
|
|
|
| 852 |
|
|
|a SVKKK
|b BIB
|
| 998 |
|
|
|a ROM
|